000 00294nam a22001337a 4500
008 171027b xxu||||| |||| 00| 0 eng d
020 _a9781934667248
041 _aeng
080 _a336
100 _a56
101 _aFIN
245 _aA RPIMER ISLAMIC FINANCE
_cZAHANI.Z
942 _2udc
_cBK
999 _c36291
_d36291